000 01234nam a2200277 4500
003 NUST
005 20260417114755.0
008 260417b |||||||| |||| 00| 0 eng d
040 _aNUST
_beng
_cNUST
_dNUST
_erda
050 _aZ666CHA
100 _aChadenga, Caritas Ripai.
_eAuthor.
245 _aRecords Security System at Chinhoyi Municipality Registry /
_cby Caritas Ripai Chadenga.
260 _aBulawayo, Zimbabwe :
_bNational University of Science and Technology ,
_c©2020.
300 _axiii, 65 pages :
_c30 cm.
_bIllustrations ;
336 _2rdacontent
_atext
_btxt
337 _2rdamedia
_aunmediated
_bn
338 _2rdacarrier
_avolume
_bnc
500 _aA research project proposal submitted to the National University of Science and Technology in partial fulfilment of the Master of Science degree in Records and Archives Management.
501 _00(MSc in Records and Archives Management) National University of Science and Technolgy, 2020.
504 _aIncludes bibliographical references.
650 _aRecords management.
650 _aMunicipal registry.
650 _a Information security
_zZimbabwe.
700 _aDr Obert Wutete.
_eSupervisor.
942 _2lcc
_n0
_c3HOUR
_hZ666CHA
_kZ
_mCHA
999 _c172770
_d172770